000 01269nam a2200253 i 4500
003 DO-SdBNP
005 20250129102215.0
007 ta
008 230921e1990 dr adb|| |||| 00| 0 spa d
040 _aDO-SdBNP
_bspa
_cBNPHU
_erda
082 4 _axxx
_bR426p
_222
110 _aRepública Dominicana
_bSecretaría de Estado de Educación, Bellas Artes y Cultos
_957502
245 1 0 _aEducación básica tercer grado 1990 /
_cPresentación, Indiana Rodríguez de Molina
246 _aPrograma de tercer grado educación básica 1990
264 1 _aSanto Domingo :
_bFundación FALCONBRIDGE, inc,
_c1990.
300 _a223 páginas :
_bIlustraciones, gráficos, mapas ;
_c27 cm.
336 _atexto
_btxt
_2rdacontent
337 _asin mediación
_bn
_2rdamedia
338 _bnc
_avolumen
_2rdacarrier
505 _aPresentación--
_tComisión elaboradora--
_tEl lenguaje al Servicio de la Comunidad--
_tMatemática--
_tEstudios Sociales--
_tFormación Integral Humana y Religiosa--
_tLa Naturaleza y sus Manifestaciones--
_tActividades Manuales y Artes Expresivas--
_tEducación Física, Deporte y Recreación--
_tEducación Musical--
_tBibliografía.
590 _aInventariado 2023 / MF
700 1 _aRodríguez de Molina, Indiana.
_epresentación
_4pres.
_983924
942 _2ddc
_cLBS1
999 _c54889
_d54889